000 00755nam a2200205Ii 4500
003 JO-AjNU
008 230605s9999||||xx |||||||||||||| ||und||
020 _a978-9957-99-937-7
040 _aJO-AjNU
_bara
_erda
_cJO-AjNU
041 _aara
050 1 4 _aQA76.9.2020
100 3 _aالعلي، علي زياد,
_eauthor
_963424
245 0 0 _aالصراع والامن الجيوسيبراني في السياسة الدولية: دراسة في استرتيجيات الاشتباك الرقمي
250 _aط1
300 _a203ص
336 _atext
_btxt
_2rdacontent
337 _aunmediated
_bn
_2rdamedia
338 _avolume
_bnc
_2rdacarrier
650 4 _aالامن السيبراني-الصراع والامن الجيوسيبراني
_963425
999 _aA28769
_c32337
_d32337